000 00435nam a2200169Ia 4500
003 LK-CoDNM
008 010623t xxu||||| |||| 00| 1 sin d
040 _aLK-CoDNM
_dLK-CoDNM
_eLK-CoDNM
041 _asin
080 _ax 954.3
100 _aYasaratna,K.M.
245 _aසැකි කුල සහ පුල තිසි
246 _aSeki Kula Saha Pulatisi
260 _bSitumina
_aKandy
300 _b30p., 18 cm
942 _cBK
999 _c141857
_d141857